| 000 | 00974nam a2200313Ia 4500 | ||
|---|---|---|---|
| 008 | 160803s9999 xx 000 0 und d | ||
| 020 | _a9780545670784 | ||
| 100 | _aMiller, Debbie | ||
| 245 | 4 | _aThe great serum race : | |
| 245 | _bblazing the Iditarod Trail / | ||
| 245 | _cDebbie S. Miller ; illustrations by Jon van Zyle. | ||
| 260 | _aNew York : | ||
| 260 | _bScholastic Inc. | ||
| 260 | _c2002 | ||
| 300 | _a1 volume (unpaged) : | ||
| 300 | _billustrations (chiefly color), color maps ; | ||
| 300 | _c23 x 29 cm | ||
| 650 | _aDiphtheria -- Alaska -- Nome -- | ||
| 650 | _aDiphtheria antitoxin -- | ||
| 650 | _aIditarod National Historic Trail (Alaska) -- History -- | ||
| 650 | _aMushers -- Alaska -- | ||
| 650 | _aSled dogs -- Alaska -- | ||
| 650 | _xJuvenile literature. | ||
| 650 | _xJuvenile literature. | ||
| 650 | _xJuvenile literature. | ||
| 650 | _xJuvenile literature. | ||
| 650 | _xJuvenile literature. | ||
| 700 | _a910 | ||
| 999 |
_c299741 _d299741 |
||